01206 2200385 4500001002100000005001500021035002000036007000300056008004100059020002200100040002200122082001400144084001600158090002200174100003500196245014000231250003200371250003100403300003000434650002000464700002900484850001200513264004200525336002100567337003000588338002300618999002200641504003300663990002200696990002000718990002000738990002000758990002200778990002000800INLIS00000000088757520241202102548 a0010-0624000477ta240313s2024 yoia g ind d a978-623-164-804-4 aYOPDYOGbinderda04223a649.1 a649.1 SHO i aCB-D.11 2024-10721 aShohibul Ulum, A.R.epengarang10aIlmu parenting Rasulullah :b99 seni mendidik anak ala Rasulullah agar pintar dan saleh /cA.R. Shohibul Ulum; penyunting, Fira Husaini aCetakan Pertama, Maret 2024 aCetakan Pertama, Juni 2024 axiv, 514 halaman ;c22 cm 4aPengasuhan anak0 aFira Husainiepenyunting aYOPDYOG31aBantul :bAnak Hebat Indonesia,c2024 2rdacontentateks 2rdamediaatanpa perantara 2rdacarrieravolume aCB-D.11/2024-1072 aBibliografi: halaman 506-513 aCB-D.11/2024-1072 a48346-PD/B.2024 a48346-PD/B.2024 a48347-PD/B.2024 aCB-D.11/2024-1072 a48346-PD/B.2024